| 000 | 00423nam a2200145Ia 4500 | ||
|---|---|---|---|
| 008 | 200924s9999 xx 000 0 und d | ||
| 020 | _a978-981-3156-88-3 | ||
| 100 | _aStevenson, William J. | ||
| 245 |
_cWilliam J. Stevenson _aOperations management/ |
||
| 250 | _a13th ed. | ||
| 260 |
_aUS: _bMcGraw Hill _c2018 |
||
| 300 |
_axxxi, 890 pages _c25 cm. |
||
| 650 | _aIndustrial management | ||
| 650 | _aProduction management | ||
| 999 |
_c364487 _d364487 |
||